| 000 | 01974cam a22002054a 4500 | ||
|---|---|---|---|
| 005 | 20250605163945.0 | ||
| 008 | 250528s ||||||||||||||||||||||||d | ||
| 035 | _a15170 | ||
| 020 | _a9602860022 | ||
| 040 |
_aGR-AtMCL _bgre _dGR-AtMCL _eAACR2 |
||
| 245 | 1 | _aΔιοικητική Πρακτική / 30 Ειδικές Περιπτώσεις για Μελέτη | |
| 260 |
_bΈλλην, _c1991 |
||
| 300 | _a176 | ||
| 520 | _aΜόνο στη ''Διοίκηση'' η θεωρία βγαίνει κατ'εξοχήν από την πράξη, γι'αυτό δεν υπάρχει simulator και είναι δύσκολη η σπουδή της. Η Διεύρυνση μιας Εταιρίας με Ελλιπή Μέσα, Από Χειρίστρια Μηχανής Προϊσταμένη Παραγωγής, Ένας Υπηρεσιακός Διάλογος, Η Εξέλιξη στη Θέση του Γενικού Διευθυντή, Μια Καθυστερημένη Αναφορά, Η Απόφαση του Ματθαίου Ροδίτη, Μια Δύσκολη Απόφαση, Εισαγωγή της Διοίκησης Μέσω Στόχων στην Εταιρία Media, Οι Εργαζόμενοι Καθορίζουν Νέα 'Ορια Παραγωγής, Η Επιστημονική Καλλιέργεια Ροδακίνων, Η Επέκταση μιας Επιχείρησης σε Νέες Δραστηριότητες, Η Τύχη της Μελέτης Εργασίας, Παραγωγή και Ποιοτικός Έλεγχος, Μια Μεταμφιεσμένη Ευκαιρία, Μια Δυναμική Διαμαρτυρία, Τα Προβλήματα Ενός Πιλότου Αναδιοργάνωσης, Πλασματικοί Πιθανοί Μελλοντικοί Λογαριασμοί. | ||
| 700 | 1 |
_aΒιταντζάκης Νίκος _91031 |
|
| 700 | 1 |
_aΠαπαβασιλείου Ναταλία _91032 |
|
| 942 | _cBK | ||
| 999 |
_c764 _d764 |
||